000 00512nam a22001457a 4500
005 20090811104622.0
008 090811t xxu||||| |||| 00| 0 eng d
080 _a534.3
_bROS
100 _aRossing Thomas, D. [ed.]
_eed.by
_92227
245 _aMusical acoustics :
_bselected reprints
300 _a227p.
942 _cBK
260 _aCollege Park
_bAmerican Association of Physics Teachers
_c1988
_92228
952 _w2009-08-11
_pG0004752
_r2009-08-11
_40
_00
_bUL
_10
_o534.3 ROS
_d2009-08-11
_70
_2udc
_yBK
_aUL
999 _c2508
_d2508